Directory of scientific research institutuions is India 1994 (Record no. 10571)
[ view plain ]
| 000 -LEADER | |
|---|---|
| fixed length control field | 00833nam a2200217Ia 4500 |
| 003 - CONTROL NUMBER IDENTIFIER | |
| control field | IN-BaIIA |
| 005 - DATE AND TIME OF LATEST TRANSACTION | |
| control field | 20230707112013.0 |
| 008 - FIXED-LENGTH DATA ELEMENTS--GENERAL INFORMATION | |
| fixed length control field | 211028s9999 xx 000 0 eng d |
| 040 ## - CATALOGING SOURCE | |
| Transcribing agency | IIA Library |
| 080 ## - UNIVERSAL DECIMAL CLASSIFICATION NUMBER | |
| Universal Decimal Classification number | 061.6(058.7) |
| Item number | INS-6 |
| 100 ## - MAIN ENTRY--PERSONAL NAME | |
| Personal name | Elhence, D. |
| 9 (RLIN) | 18024 |
| 245 #0 - TITLE STATEMENT | |
| Title | Directory of scientific research institutuions is India 1994 |
| Remainder of title | vol. 6, cumulative indices |
| Statement of responsibility, etc. | D. Elhence and B. K. Sen; compiled by Anand R. L. |
| 260 ## - PUBLICATION, DISTRIBUTION, ETC. | |
| Place of publication, distribution, etc. | New Delhi |
| Name of publisher, distributor, etc. | Indian National Scientific Doucmentation Centre |
| Date of publication, distribution, etc. | 1989 |
| 300 ## - PHYSICAL DESCRIPTION | |
| Extent | 458p. |
| 650 ## - SUBJECT ADDED ENTRY--TOPICAL TERM | |
| Topical term or geographic name entry element | Astronomy and Astrophysics Thesaurus |
| 650 ## - SUBJECT ADDED ENTRY--TOPICAL TERM | |
| Topical term or geographic name entry element | Profiles-Scientific Institutions |
| 9 (RLIN) | 18025 |
| 650 ## - SUBJECT ADDED ENTRY--TOPICAL TERM | |
| Topical term or geographic name entry element | Research Institutions-Directory |
| 9 (RLIN) | 18026 |
| 700 ## - ADDED ENTRY--PERSONAL NAME | |
| Personal name | Anand, R L., comp. |
| 9 (RLIN) | 18027 |
| 700 ## - ADDED ENTRY--PERSONAL NAME | |
| Personal name | Sen, B. K. |
| 9 (RLIN) | 18028 |
| 942 ## - ADDED ENTRY ELEMENTS (KOHA) | |
| Koha item type | Books |
| Source of classification or shelving scheme | Dewey Decimal Classification |
| Withdrawn status | Lost status | Source of classification or shelving scheme | Damaged status | Not for loan | Home library | Current library | Shelving location | Date acquired | Cost, normal purchase price | Total Checkouts | Full call number | Barcode | Date last seen | Cost, replacement price | Price effective from | Koha item type | Purchase Price |
|---|---|---|---|---|---|---|---|---|---|---|---|---|---|---|---|---|---|
| Dewey Decimal Classification | IIA Library-Bangalore | IIA Library-Bangalore | General Stacks | 02/02/1993 | 1200.00 | 061.6(058.7)/ INS-6 | 11482 | 05/11/2021 | 1200.00 | 02/02/1993 | Books | Rs. 1200/ 6 vols set |